000 00722nam a22002057a 4500
005 20100813122635.0
010 _aENG-99973
020 _a9788178223216
_c225.00
035 _aEN-83505
037 _bDBAD/PUB
082 _a230.42
100 _aChakraburtty, Sneh
_912470
245 _aThe story of meditation /
_cby Sneh Chakraburtty
260 _aNew Delhi
_bNew Age Books
_c2009
270 _aA-44 Naraina Industrial Area Phase I
_bNew Delhi
_e110028
300 _aviii,244p.
_c22cm (pbk)
650 _aMeditation
_912471
942 _2ddc
_cEN
_h230.42
_mCHA
999 _c41566
_d41566